| 000 | 00746nam a2200253 a 4500 | ||
|---|---|---|---|
| 005 | 20250903063933.0 | ||
| 008 | 150424s2010 ag r 000 0 spa d | ||
| 020 | _a9789509445833 | ||
| 035 | _aUPN01000203022 | ||
| 049 | _aCG | ||
| 050 | 4 |
_aHD62.15 _bD3.2 |
|
| 100 | 1 |
_aDambra, Luis _937280 |
|
| 245 | 1 | 3 |
_aEl desafío de la innovación / _cLuis Dambra, Roberto Luchi. |
| 260 |
_aBuenos Aires : _bTemas, _c2010. |
||
| 300 |
_a160 p. : _bfigs., cuadros |
||
| 440 | 0 | _aIAE 30 años | |
| 650 | 2 |
_aAdministración de calidad total _9437 |
|
| 650 | 4 |
_aPRODUCCION - _xADMINISTRACION _913583 |
|
| 650 | 4 |
_aCiencia y tecnología _910139 |
|
| 650 | 4 |
_aLiderazgo _95345 |
|
| 700 | 1 |
_aLuchi, Roberto, _ecoaut. |
|
| 905 | _aLibro | ||
| 999 |
_c175123 _d175123 |
||